000 00613nam a2200217Ia 4500
005 20250923145422.0
008 008 250917s9999 xx 000 0 eng d
037 _aTextual
040 _aDSWL
_beng
_cDSWL
041 _aeng
_2eng
084 _aX:97.2, N76
_qDSWL
100 _aDhar, J.L.
_9835103
245 0 _aEssentials of Displinary proceedings in Industry
_c by J.L. Dhar
250 _a3rd
260 _aDelhi
_bCurrent Law Publishers
_c1976
300 _axii,186 p.
365 _aINR
_b22 . 50
925 _g22 . 50
942 _cTEXL
_hX:97.2, N76
999 _c1451120
_d1451120